Antología
Furkejuvvon:
| Váldodahkki: | |
|---|---|
| Materiálatiipa: | Girji |
| Giella: | espánnjágiella |
| Almmustuhtton: |
Madrid
Visor
1983
|
| Ráidu: | Colección Visor de poesía, 93
|
| Fáttát: | |
| Fáddágilkorat: |
Lasit fáddágilkoriid
Eai fáddágilkorat, Lasit vuosttaš fáddágilkora!
|
MARC
| LEADER | 00000nam a2200000 a 4500 | ||
|---|---|---|---|
| 001 | UCV8044 | ||
| 003 | CL-VaPUC | ||
| 008 | 900423e19830000SP |||||||||||||||||spa|d | ||
| 082 | 0 | 4 | |a 811 |b POU |2 21 |
| 100 | 0 | |a Pound, Ezra |e author |9 302128 | |
| 245 | 1 | 0 | |a Antología |
| 300 | |a 222 p | ||
| 942 | |c BK | ||
| 945 | |d 19900423 00:00:00 | ||
| 260 | |a Madrid |b Visor |c 1983 | ||
| 650 | 7 | |a POESIAS ESTADOUNIDENSES |2 CL-VaPUC |9 302129 | |
| 650 | 0 | |a Crítica e interpretación |9 255042 | |
| 583 | |a last modification |c 19900423 00:00:00 |k Rodrigo Vera | ||
| 490 | 0 | |a Colección Visor de poesía, 93 | |
| 999 | |c 213631 |d 213629 | ||
| 952 | |0 0 |1 0 |4 0 |6 811_000000000000000_POU_1983 |7 0 |8 A |9 196186 |a BIBARQ |b BIBARQ |d 2019-11-14 |i 2641054 |o 811 POU 1983 |p 2641054 |r 2025-01-20 |w 2019-11-14 |y BK |k ARQ | ||